000
00317nam a22001217a 4500
020
_a
978-93-86752-17-8
082
_a
811.214.21 CHO
100
_a
CHOUBE, Santhosh, Comp. et al.
245
_a
Kadhadesh-khand 3-Premchandothar kahani-2
260
_a
Bhopal
_b
Aisect Publications
_c
2019
300
_a
225p.
942
_c
BK
999
_c
75328
_d
75328